[Event "Dubai op 11th"]
[Site "Dubai"]
[Date "2009.05.04"]
[Round "9"]
[White "Abdumalik, Zhansaya"]
[Black "Abdulrahman, Al Yafee"]
[Result "0-1"]
[WhiteElo "1854"]
[BlackElo "1913"]
[PlyCount "88"]
[EventDate "2009.04.26"]
[EventType "swiss"]
[EventRounds "9"]
[EventCountry "UAE"]
[SourceTitle "CBM 130 Extra"]
[Source "ChessBase"]
[SourceDate "2009.07.02"]
[SourceVersion "2"]
[SourceVersionDate "2009.07.15"]
[SourceQuality "1"]

1. e4 e5 2. Nf3 Nc6 3. Bb5 d6 4. d4 exd4 5. Nxd4 Bd7 6. Bc4 h6 7. c3 Qe7 8. 0-0 Nf6 9. Re1 Ng4 10. Nf5 Qf6 11. Qxg4 g6 12. Qh4 g5 13. Qg3 0-0-0 14. Ne3 Ne5 15. Bf1 Rg8 16. Nc4 Ng6 17. Be3 Kb8 18. Bd4 Qe7 19. Nbd2 h5 20. Qf3 Nf4 21. Qd1 g4 22. Be3 Ng6 23. b4 Bg7 24. Qc2 h4 25. a4 Bf6 26. b5 g3 27. Reb1 gxh2+ 28. Kh1 Ne5 29. Nxe5 Bxe5 30. a5 h3 31. g3 Qf6 32. Ra3 Bxg3 33. fxg3 Rxg3 34. Bd4 Qf4 35. Be2 Rdg8 36. Rf1 Rg1+ 37. Rxg1 Rxg1+ 38. Bxg1 hxg1Q+ 39. Kxg1 Qe3+ 40. Kf1 h2 41. Kg2 Qg1+ 42. Kf3 h1Q+ 43. Kf4 Qh4+ 44. Kf3 Qgf2# 0-1